Štrukturované techniky predaja finančných služieb
Predaj finančných služieb - umenie komunikovať. Analýza predajných postupov subjektov, ktoré poistné produkty ponúkajú a predávajú. Osobnosť poisťovacieho poradcu. Nároky na osobnostný profil poisťovacieho poradcu. Fázy predajného rozhovoru. Profesionálni poistní poradcovia - kľúčoví informátori poi...
Gespeichert in:
| 1. Verfasser: | |
|---|---|
| Format: | Buchkapitel |
| Sprache: | Slowakisch |
| Schlagworte: | |
| Tags: |
Keine Tags, Fügen Sie das erste Tag hinzu!
|
MARC
| LEADER | 00000naa$a2200000$$$4500 | ||
|---|---|---|---|
| 001 | 0082922 | ||
| 005 | 20240502083220.9 | ||
| 041 | 0 | |a slo | |
| 044 | |a CZ | ||
| 245 | 1 | 0 | |a Štrukturované techniky predaja finančných služieb |c Zuzana Littvová |
| 520 | |a Predaj finančných služieb - umenie komunikovať. Analýza predajných postupov subjektov, ktoré poistné produkty ponúkajú a predávajú. Osobnosť poisťovacieho poradcu. Nároky na osobnostný profil poisťovacieho poradcu. Fázy predajného rozhovoru. Profesionálni poistní poradcovia - kľúčoví informátori poistných služieb. | ||
| 610 | 2 | 0 | |a služby finančné |
| 610 | 2 | 0 | |a predaj |
| 610 | 2 | 0 | |a poradcovia |
| 610 | 2 | 0 | |a poradenstvo |
| 610 | 2 | 0 | |a poisťovníctvo |
| 610 | 2 | 0 | |a komunikácia |
| 610 | 2 | 0 | |a klienti |
| 610 | 2 | 0 | |a osobnosť |
| 100 | 1 | |a Littvová, Zuzana | |